Which City in Wisconsin? - Statistics

General Stats
  • This quiz has been taken 33 times
  • The average score is 13 of 20
Answer Stats
Description Letter City % Correct
City with a French name that means "clear water" E Eau Claire
100%
The smallest U.S. city to have an NFL team G Green Bay
100%
Wisconsin's state capital M Madison
100%
The four major breweries of this city were Blatz, Miller, Pabst, and Schlitz M Milwaukee
100%
Two protestors were shot and killed in this city by Kyle Rittenhouse in 2020 K Kenosha
97%
City on the Fox River where Harry Houdini once lived as a child A Appleton
90%
Located on the western edge of Lake Winnebago O Oshkosh
90%
Located across the Saint Louis Bay from Duluth, Minnesota S Superior
77%
Home to the headquarters of S. C. Johnson R Racine
73%
Located on the southern edge of that lake F Fond du Lac
67%
Nicknamed the "Bratwurst Capital of the World" due to its strong German heritage S Sheboygan
67%
"Spring City" where electric guitarist Les Paul was born W Waukesha
63%
Seat of Rock County J Janesville
57%
The USS Cobia is on display in this city where many WWII submarines were built M Manitowoc
57%
Has the largest Oktoberfest in Wisconsin L La Crosse
50%
Largest city on the Door Peninsula S {Sturgeon} Bay
47%
Second-oldest city in Wisconsin (French for "dog's meadow") P Prairie du Chien
33%
The Republican Party was founded here R Ripon
33%
Birthplace of Georgia O'Keeffe S Sun Prairie
20%
Around 100,000 people visit this small village each September for its cranberry festival W Warrens
17%
No matching quizzes found
Score Distribution
Percent of People with Each Score
Percentile by Number Answered
Your Score History
You have not taken this quiz